[Event "Valasska Bystrice op"]
[Site "Valasska Bystrice"]
[Date "2023.09.16"]
[Round "9"]
[White "Jerabkova, Julia"]
[Black "Briza, Jiri"]
[Result "1/2-1/2"]
[WhiteElo "1730"]
[BlackElo "1854"]
[PlyCount "124"]
[EventDate "2023.09.09"]
[EventType "swiss"]
[EventRounds "9"]
[EventCountry "CZE"]
[SourceTitle "EXT 2024"]
[Source "ChessBase"]
[SourceDate "2023.10.10"]
[SourceVersion "1"]
[SourceVersionDate "2023.10.10"]
[SourceQuality "1"]

1. d4 Nf6 2. c4 g6 3. Nc3 d5 4. cxd5 Nxd5 5. e4 Nxc3 6. bxc3 Bg7 7. Be3 c5 8. Bc4 cxd4 9. cxd4 0-0 10. Ne2 Qa5+ 11. Qd2 Qxd2+ 12. Bxd2 Nc6 13. Bc3 e6 14. 0-0 a6 15. a4 Rd8 16. Rfd1 Bd7 17. d5 exd5 18. Bxg7 Kxg7 19. Bxd5 Rab8 20. Rab1 Na5 21. Rb4 f5 22. Rbd4 Bc6 23. Nf4 Bxd5 24. exd5 Rd6 25. Re1 b5 26. axb5 Rxb5 27. g3 Kf7 28. Rc1 g5 29. Ne6 Nb3 30. Rc7+ Kf6 31. Rd3 a5 32. Rxh7 Rdxd5 33. Rh6+ Ke7 34. Rc3 Nc5 35. Nc7 Rb1+ 36. Kg2 Re5 37. Re3 Rxe3 38. Nd5+ Kd7 39. Nxe3 f4 40. gxf4 gxf4 41. Nc4 a4 42. Rh7+ Ke6 43. Ra7 Rb3 44. Nd2 Rd3 45. Nf3 Kd5 46. h4 Ke6 47. h5 Rd7 48. Ra5 Rg7+ 49. Kh3 Rc7 50. Kg4 Nd3 51. Ng5+ Ke7 52. Rxa4 Nxf2+ 53. Kxf4 Nd3+ 54. Ke3 Nc5 55. Rc4 Kf8 56. Ne4 Ne6 57. Rxc7 Nxc7 58. Kf4 Kg7 59. Ng3 Ne6+ 60. Kg4 Nd4 61. Kf4 Kh6 62. Ke4 Ne2 1/2-1/2

[Event "Valasska Bystrice op"]
[Site "Valasska Bystrice"]
[Date "2023.09.14"]
[Round "7"]
[White "Briza, Jiri"]
[Black "Bartosek, Ivan"]
[Result "1/2-1/2"]
[WhiteElo "1854"]
[BlackElo "1657"]
[PlyCount "42"]
[EventDate "2023.09.09"]
[EventType "swiss"]
[EventRounds "9"]
[EventCountry "CZE"]
[SourceTitle "EXT 2024"]
[Source "ChessBase"]
[SourceDate "2023.10.10"]
[SourceVersion "1"]
[SourceVersionDate "2023.10.10"]
[SourceQuality "1"]

1. e4 e5 2. Nf3 Nc6 3. d4 exd4 4. c3 dxc3 5. Nxc3 Bc5 6. Bc4 d6 7. 0-0 Be6 8. Bb5 Nge7 9. Na4 Bb6 10. Ng5 0-0 11. Nxb6 axb6 12. Qh5 h6 13. Nxe6 fxe6 14. Bd2 Qe8 15. Qh3 e5 16. f4 exf4 17. Bxf4 Ng6 18. Bxh6 gxh6 19. Qxh6 Qxe4 20. Bc4+ Qxc4 21. Qxg6+ Kh8 1/2-1/2

[Event "CZE-chT2F 2223"]
[Site "Czech Republic"]
[Date "2022.12.18"]
[Round "5"]
[White "Briza, Jiri"]
[Black "Smilek, Petr"]
[Result "0-1"]
[WhiteElo "1873"]
[BlackElo "1942"]
[PlyCount "74"]
[EventDate "2022.10.16"]
[EventType "team-tourn"]
[EventRounds "11"]
[EventCountry "CZE"]
[SourceTitle "EXT 2024"]
[Source "ChessBase"]
[SourceDate "2023.10.10"]
[SourceVersion "1"]
[SourceVersionDate "2023.10.10"]
[SourceQuality "1"]
[WhiteTeam "Koprivnice Tatra"]
[BlackTeam "Vsetin"]
[WhiteTeamCountry "CZE"]
[BlackTeamCountry "CZE"]

1. e4 c5 2. c3 g6 3. d4 cxd4 4. cxd4 d5 5. e5 Nc6 6. Nf3 Bg7 7. Be2 Bg4 8. 0-0 e6 9. Nbd2 Nge7 10. Nb3 0-0 11. Bg5 Qb6 12. Bxe7 Nxe7 13. h3 Bxf3 14. Bxf3 Rac8 15. Qd2 Rc7 16. Rfc1 Nc6 17. Bd1 Rfc8 18. a3 f6 19. Nc5 Kf7 20. Bg4 Nxd4 21. Nd7 Rxc1+ 22. Rxc1 Rxc1+ 23. Qxc1 Qc6 24. Qxc6 bxc6 25. exf6 Bxf6 26. Nxf6 Kxf6 27. f4 h5 28. Bd1 Kf5 29. g3 h4 30. Kf2 hxg3+ 31. Kxg3 c5 32. h4 c4 33. h5 gxh5 34. Bxh5 Ke4 35. Bf7 Ne2+ 36. Kf2 Nxf4 37. Bg8 e5 0-1

[Event "Tatranska Lomnica Tatry op"]
[Site "Tatranska Lomnica"]
[Date "2021.10.05"]
[Round "5"]
[White "Turcan, Richard"]
[Black "Briza, Jiri"]
[Result "1-0"]
[WhiteElo "2263"]
[BlackElo "1879"]
[PlyCount "57"]
[EventDate "2021.10.02"]
[EventType "swiss"]
[EventRounds "9"]
[EventCountry "SVK"]
[SourceTitle "EXT 2023"]
[Source "ChessBase"]
[SourceDate "2022.10.05"]
[SourceVersion "1"]
[SourceVersionDate "2022.10.05"]
[SourceQuality "1"]

1. d4 Nf6 2. c4 e6 3. Nf3 d5 4. g3 Bb4+ 5. Bd2 Qe7 6. Bg2 Bxd2+ 7. Nbxd2 0-0 8. 0-0 c6 9. Qc2 Nbd7 10. Rad1 b6 11. e4 dxe4 12. Nxe4 Bb7 13. Rfe1 Nxe4 14. Qxe4 Nf6 15. Qc2 Rfd8 16. Ne5 Qc7 17. b4 Rac8 18. a3 c5 19. Bxb7 Qxb7 20. dxc5 Rxd1 21. Rxd1 bxc5 22. b5 a6 23. a4 axb5 24. axb5 Ra8 25. Nc6 h6 26. Qc3 Re8 27. Qe5 Qb6 28. Ra1 Nd7 29. Qd6 1-0

[Event "Valasska Bystrice op 11th"]
[Site "Valasska Bystrice"]
[Date "2019.09.12"]
[Round "7"]
[White "Fiser, Jiri1111"]
[Black "Briza, Jiri"]
[Result "1/2-1/2"]
[WhiteElo "1950"]
[BlackElo "1876"]
[PlyCount "90"]
[EventDate "2019.09.07"]
[EventType "swiss"]
[EventRounds "9"]
[EventCountry "CZE"]
[SourceTitle "EXT 2020"]
[Source "ChessBase"]
[SourceDate "2019.10.17"]
[SourceVersion "1"]
[SourceVersionDate "2019.10.17"]
[SourceQuality "1"]

1. e4 e5 2. Nf3 Nc6 3. Bb5 Nf6 4. d3 d6 5. c3 Bd7 6. 0-0 Be7 7. Re1 0-0 8. Nbd2 Re8 9. Nf1 Na5 10. Bxd7 Qxd7 11. d4 Nc6 12. Bg5 Rad8 13. d5 Nb8 14. Bxf6 Bxf6 15. Ne3 g6 16. Qd3 a5 17. b4 axb4 18. cxb4 Na6 19. a3 Ra8 20. Nd2 Bg5 21. Nb3 Bxe3 22. Rxe3 f5 23. f3 f4 24. Re2 b6 25. Rc2 Ra7 26. Rac1 Rea8 27. Rc3 Qd8 28. Nd2 Nb8 29. Qc2 Na6 30. Nc4 Kg7 31. g3 Qg5 32. Qf2 h5 33. h4 Qf6 34. gxf4 Qxf4 35. Kg2 Kh6 36. Qg3 Rf8 37. Qxf4+ Rxf4 38. Kg3 Ra8 39. Ne3 Raf8 40. Ng2 R4f7 41. Rf1 Nb8 42. a4 Na6 43. Rc4 Rb8 44. Ra1 Rbf8 45. Ra3 Rg8 1/2-1/2

[Event "Valasska Bystrice op 11th"]
[Site "Valasska Bystrice"]
[Date "2019.09.08"]
[Round "3"]
[White "Mudry, Jan"]
[Black "Briza, Jiri"]
[Result "0-1"]
[WhiteElo "1610"]
[BlackElo "1876"]
[PlyCount "46"]
[EventDate "2019.09.07"]
[EventType "swiss"]
[EventRounds "9"]
[EventCountry "CZE"]
[SourceTitle "EXT 2020"]
[Source "ChessBase"]
[SourceDate "2019.10.17"]
[SourceVersion "1"]
[SourceVersionDate "2019.10.17"]
[SourceQuality "1"]

1. e4 e5 2. Bc4 Nf6 3. Nf3 Nxe4 4. Nxe5 d5 5. Qf3 Be6 6. Bb3 Be7 7. 0-0 Nd7 8. Nd3 0-0 9. Nf4 c6 10. d3 Nec5 11. Qe2 Qc7 12. d4 Bd6 13. g3 Nxb3 14. Nxe6 Nxc1 15. Qg4 fxe6 16. Qxe6+ Kh8 17. Rxc1 Rae8 18. Qh3 Nf6 19. Nd2 Ne4 20. Nxe4 Rxe4 21. c3 Re2 22. f4 Qe7 23. Kf1 Qe3 0-1

[Event "SVK-ch 65"]
[Site "Tatranske Matliare"]
[Date "2019.05.29"]
[Round "6"]
[White "Bakalar, Jan"]
[Black "Briza, Jiri"]
[Result "1/2-1/2"]
[WhiteElo "1994"]
[BlackElo "1928"]
[PlyCount "35"]
[EventDate "2019.05.25"]
[EventType "swiss"]
[EventRounds "9"]
[EventCountry "SVK"]
[SourceTitle "CBM 190 Extra"]
[Source "ChessBase"]
[SourceDate "2019.07.15"]
[SourceVersion "1"]
[SourceVersionDate "2019.07.15"]
[SourceQuality "1"]

1. e4 d6 2. d4 Nf6 3. Nc3 g6 4. Be3 Bg7 5. Qd2 0-0 6. Bh6 e5 7. Bxg7 Kxg7 8. f3 exd4 9. Qxd4 Nc6 10. Qd2 a6 11. 0-0-0 b5 12. a3 b4 13. axb4 Nxb4 14. e5 Ne8 15. exd6 Qxd6 16. Qxd6 Nxd6 17. Rd4 a5 18. Bd3 1/2-1/2

[Event "Marianske Lazne op 50+"]
[Site "Marianske Lazne"]
[Date "2019.01.22"]
[Round "4"]
[White "Bartos, Jan"]
[Black "Briza, Jiri"]
[Result "1-0"]
[WhiteElo "2178"]
[BlackElo "1944"]
[PlyCount "51"]
[EventDate "2019.01.19"]
[EventType "swiss"]
[EventRounds "9"]
[EventCountry "CZE"]
[SourceTitle "CBM 188 Extra"]
[Source "ChessBase"]
[SourceDate "2019.02.26"]
[SourceVersion "1"]
[SourceVersionDate "2019.02.26"]
[SourceQuality "1"]

1. Nf3 d5 2. c4 c6 3. e3 Nf6 4. Nc3 e6 5. d4 Bb4 6. Bd2 0-0 7. Bd3 Nbd7 8. 0-0 Re8 9. Nxd5 exd5 10. Bxb4 Ne4 11. cxd5 cxd5 12. Qc2 h6 13. Rac1 Ng5 14. Nxg5 Qxg5 15. Qc7 a6 16. Qg3 Qf6 17. Rc7 Re6 18. Rfc1 Nb6 19. b3 a5 20. Bxa5 Re8 21. Bxb6 Qxb6 22. Qf3 Qe6 23. Bb5 Rd8 24. a4 f5 25. Qg3 Qf6 26. h4 1-0

[Event "Marianske Lazne op 50+"]
[Site "Marianske Lazne"]
[Date "2019.01.21"]
[Round "3"]
[White "Briza, Jiri"]
[Black "Baum, Bernd"]
[Result "1-0"]
[WhiteElo "1944"]
[BlackElo "2204"]
[PlyCount "61"]
[EventDate "2019.01.19"]
[EventType "swiss"]
[EventRounds "9"]
[EventCountry "CZE"]
[SourceTitle "CBM 188 Extra"]
[Source "ChessBase"]
[SourceDate "2019.02.26"]
[SourceVersion "1"]
[SourceVersionDate "2019.02.26"]
[SourceQuality "1"]

1. d4 d5 2. Nf3 Nf6 3. g3 g6 4. Bg2 Bg7 5. c4 dxc4 6. Qa4+ Nfd7 7. 0-0 0-0 8. Qxc4 Nc6 9. e3 e5 10. d5 Nb6 11. Qb3 Qxd5 12. Qxd5 Nxd5 13. Nxe5 Bxe5 14. Bxd5 Nb4 15. Bb3 Bh3 16. Rd1 Rfd8 17. Rxd8+ Rxd8 18. Nc3 c6 19. Ne4 Bf5 20. Nc3 Be6 21. Kg2 Nd3 22. Bxe6 fxe6 23. Rb1 b5 24. Ne4 h6 25. b4 Ne1+ 26. Kf1 Nd3 27. Ke2 Kg7 28. Ba3 Bc7 29. Rd1 Ne5 30. Rxd8 Bxd8 31. Bb2 1-0

[Event "Valasska Bystrice op"]
[Site "Valasska Bystrice"]
[Date "2017.09.11"]
[Round "4"]
[White "Vaculik, Jakub"]
[Black "Briza, Jiri"]
[Result "1-0"]
[WhiteElo "2217"]
[BlackElo "1964"]
[PlyCount "123"]
[EventDate "2017.09.09"]
[EventType "swiss"]
[EventRounds "9"]
[EventCountry "CZE"]
[SourceTitle "CBM 180 Extra"]
[Source "ChessBase"]
[SourceDate "2017.10.06"]
[SourceVersion "1"]
[SourceVersionDate "2017.10.06"]
[SourceQuality "1"]

1. d4 Nf6 2. c4 e6 3. g3 d5 4. Bg2 Bb4+ 5. Bd2 Bxd2+ 6. Qxd2 b6 7. Nc3 Bb7 8. cxd5 exd5 9. Nf3 0-0 10. 0-0 Ne4 11. Qc2 Nd7 12. Rfd1 Nxc3 13. Qxc3 Rc8 14. b4 Nf6 15. Rac1 Ne4 16. Qb3 c6 17. Ne5 Qd6 18. e3 g6 19. Rc2 Kg7 20. Qa4 a6 21. Rdc1 b5 22. Qa5 Rc7 23. Nd3 Qe7 24. Bxe4 dxe4 25. Nf4 Rcc8 26. Rc5 g5 27. Ng2 f6 28. Qa3 Rcd8 29. Qc3 Rd6 30. Ne1 Ra8 31. Nc2 Qd8 32. a3 a5 33. d5 Rxd5 34. Nd4 Kg6 35. Qc2 Qe7 36. f3 Rxc5 37. bxc5 Re8 38. Kf2 Qe5 39. f4 Qd5 40. Rd1 Rd8 41. Rd2 Bc8 42. Nf3 Qc4 43. Qxc4 Rxd2+ 44. Nxd2 bxc4 45. Nxe4 gxf4 46. exf4 f5 47. Nc3 h5 48. Ke3 Kf6 49. Kd4 Be6 50. Nd1 Bd5 51. Ne3 Ke6 52. Nd1 Kf6 53. Nb2 Ke6 54. Na4 Kf6 55. Nb6 Ke6 56. Nc8 Kf6 57. Nd6 Be6 58. Nb7 a4 59. Nd6 Bd5 60. Nxc4 Bf7 61. Kc3 h4 62. Ne5 1-0

[Event "Liberec op 17th"]
[Site "Liberec"]
[Date "2017.02.25"]
[Round "1"]
[White "Briza, Jiri"]
[Black "Schoeppe, Christian"]
[Result "1-0"]
[WhiteElo "1975"]
[BlackElo "1564"]
[PlyCount "39"]
[EventDate "2017.02.25"]
[EventType "swiss"]
[EventRounds "9"]
[EventCountry "CZE"]
[SourceTitle "CBM 177 Extra"]
[Source "ChessBase"]
[SourceDate "2017.04.27"]
[SourceVersion "1"]
[SourceVersionDate "2017.04.27"]
[SourceQuality "1"]

1. e4 e5 2. Nf3 Nf6 3. Nc3 Bd6 4. Bc4 c6 5. 0-0 0-0 6. d4 Qe7 7. Re1 b5 8. Bb3 Bb7 9. dxe5 Bxe5 10. Nxe5 Qxe5 11. f4 Qh5 12. Be3 Qxd1 13. Raxd1 b4 14. e5 Ng4 15. Ne4 Nxe3 16. Rxe3 d5 17. exd6 Nd7 18. Ng5 Rad8 19. Rde1 h6 20. Nxf7 1-0

[Event "Wch Seniors 65 26th"]
[Site "Marianske Lazne"]
[Date "2016.11.28"]
[Round "9"]
[White "Schmieder, Siegfried"]
[Black "Briza, Jiri"]
[Result "0-1"]
[WhiteElo "2052"]
[BlackElo "1941"]
[PlyCount "68"]
[EventDate "2016.11.19"]
[EventType "swiss"]
[EventRounds "11"]
[EventCountry "CZE"]
[SourceTitle "CBM 175 Extra"]
[Source "ChessBase"]
[SourceDate "2016.12.12"]
[SourceVersion "1"]
[SourceVersionDate "2016.12.12"]
[SourceQuality "1"]

1. e4 e5 2. Nc3 Nf6 3. Bc4 Bc5 4. f4 Nc6 5. d3 exf4 6. Bxf4 d6 7. Bg5 h6 8. Bh4 g5 9. Bg3 Bg4 10. Qd2 Qd7 11. Nf3 Bxf3 12. gxf3 Nh5 13. Bb5 a6 14. Ba4 b5 15. Bb3 Nd4 16. Rf1 Nxg3 17. hxg3 c6 18. Ne2 Qh3 19. 0-0-0 Nxe2+ 20. Qxe2 Qxg3 21. d4 Qf4+ 22. Kb1 Bb6 23. a4 0-0 24. d5 c5 25. axb5 axb5 26. Qxb5 Bd8 27. e5 Qxe5 28. Rde1 Qf4 29. Re4 Qd2 30. Qc6 Bf6 31. Qxd6 Bg7 32. Qxc5 Ra5 33. Qe3 Qxe3 34. Rxe3 Rfa8 0-1